<?xml version="1.0" encoding="UTF-8"?>
<marc:record xmlns:marc="http://www.loc.gov/MARC21/slim">
   <marc:leader>00000nam a2200000 a 4500</marc:leader>
   <marc:datafield ind1="0" ind2="0" tag="245">
      <marc:subfield code="a">Spuren der Vergangenheit</marc:subfield>
   </marc:datafield>
   <marc:datafield ind1="0" ind2="0" tag="245">
      <marc:subfield code="b">Die Geheimnisse der Geschichte - endlich entschlüsselt</marc:subfield>
   </marc:datafield>
   <marc:datafield ind1=" " ind2="1" tag="264">
      <marc:subfield code="b">Time Life Video</marc:subfield>
      <marc:subfield code="c">2005</marc:subfield>
   </marc:datafield>
   <marc:datafield ind1="1" ind2=" " tag="520">
      <marc:subfield code="a">Begeben Sie sich an der Seite weltberühmter Wissenschaftler auf Spurensuche zu den mystischen Stätten unserer Vergangenheit. Längst untergegangene Zivilisationen werden durch modernste Technologie, atemberaubende Computeranimationen und authentische Spielszenen zu neuem Leben erweckt. Spuren der Vergangenheit ergründet die Geheimnisse der größten Mythen, Mysterien und Monumente.</marc:subfield>
   </marc:datafield>
   <marc:datafield ind1=" " ind2=" " tag="020">
      <marc:subfield code="a">0148700675</marc:subfield>
      <marc:subfield code="9">0148700675</marc:subfield>
   </marc:datafield>
   <marc:datafield ind1="0" ind2=" " tag="490">
      <marc:subfield code="v">0</marc:subfield>
   </marc:datafield>
   <marc:datafield ind1=" " ind2=" " tag="300">
      <marc:subfield code="a">ca. 550 Min.</marc:subfield>
   </marc:datafield>
</marc:record>
